000
00293nam a22001337a 4500
008
170608b xxu||||| |||| 00| 0 eng d
020
_a
9780895264770
041
_a
eng
080
_a
94
100
_a
18
101
_a
SHH
245
_a
GUNS, CRIME, AND FREEDOM
_c
LAPIERRE,W
942
_2
udc
_c
BK
999
_c
16362
_d
16362